Marketing Research (Record no. 15336)

MARC details
000 -LEADER
fixed length control field 00671nam a22002537a 4500
003 - CONTROL NUMBER IDENTIFIER
control field BD-DhSAU
005 - DATE AND TIME OF LATEST TRANSACTION
control field 20210928145444.0
008 - FIXED-LENGTH DATA ELEMENTS--GENERAL INFORMATION
fixed length control field 100620b2006 ii d|||| |||| 001 0 eng d
020 ## - INTERNATIONAL STANDARD BOOK NUMBER
International Standard Book Number 8185386161
040 ## - CATALOGING SOURCE
Original cataloging agency BD-DhSAU
082 ## - DEWEY DECIMAL CLASSIFICATION NUMBER
Edition number 22
Classification number 658.8072
Item number B693
100 ## - MAIN ENTRY--PERSONAL NAME
Personal name Boyd, Harper W.;
245 ## - TITLE STATEMENT
Title Marketing Research
Statement of responsibility, etc. Text and Cases (7th Edition)
260 ## - PUBLICATION, DISTRIBUTION, ETC. (IMPRINT)
Place of publication, distribution, etc. India.;
Name of publisher, distributor, etc. Richard D. Irwin
Date of publication, distribution, etc. 2002.;
300 ## - PHYSICAL DESCRIPTION
Extent 816p:
Other physical details xv. :
Dimensions 25 cm.
440 ## - SERIES STATEMENT/ADDED ENTRY--TITLE
Title Marketing Research
500 ## - GENERAL NOTE
General note Includes index.
590 ## - Name of Cataloguer
Name of Cataloger nazmul
600 ## - SUBJECT ADDED ENTRY--PERSONAL NAME
Fuller form of name Marketing
610 ## - SUBJECT ADDED ENTRY--CORPORATE NAME
Corporate name or jurisdiction name as entry element Research
700 ## - ADDED ENTRY--PERSONAL NAME
Personal name Westfall, Ralph;
710 ## - ADDED ENTRY--CORPORATE NAME
Corporate name or jurisdiction name as entry element stasch, Stanley F.;
942 ## - ADDED ENTRY ELEMENTS (KOHA)
Source of classification or shelving scheme Dewey Decimal Classification
Koha item type Book
Holdings
Withdrawn status Lost status Source of classification or shelving scheme Damaged status Not for loan Home library Branch Name Shelving location Date acquired Total Checkouts Full call number Barcode Date last seen Price effective from Koha item type Public note
    Dewey Decimal Classification   Not For Loan SAU Library SAU Library Reference 28/09/2021   658.8072 B693 42435 28/09/2021 28/09/2021 Book Project-2021